Pädagogische schriften (Record no. 156103)
[ view plain ]
| 000 -LEADER | |
|---|---|
| campo de control de longitud fija | 01248nam a22002535i 4500 |
| 001 - NÚMERO DE CONTROL | |
| campo de control | 156103 |
| 003 - IDENTIFICADOR DE NÚMERO DE CONTROL | |
| campo de control | ES-MaACL |
| 005 - FECHA Y HORA DE LA ÚLTIMA TRANSACCIÓN | |
| campo de control | 20250828004909.0 |
| 008 - DATOS DE LONGITUD FIJA--INFORMACIÓN GENERAL | |
| campo de control de longitud fija | 040727s1882 gw |||| | ger d |
| 040 ## - FUENTE DE CATALOGACIÓN | |
| Centro catalogador/agencia de origen | CAM |
| Lengua de catalogación | spa |
| Centro/agencia transcriptor | CAM |
| 100 1# - ENTRADA PRINCIPAL--NOMBRE DE PERSONA | |
| Nombre de persona | Iselin, Isaak. |
| 9 (RLIN) | 157909 |
| 245 10 - MENCIÓN DEL TÍTULO | |
| Título | Pädagogische schriften |
| Resto del título | : nebst seinem pädagosgischen Briefwechsel mit Joh. Casp. Lavater und J.G. Schlosser / |
| Mención de responsabilidad, etc. | Isaak Iselins ; herausgegeben von Hugo Göring . Mit einer einleitung von Edmund Meyer. |
| 260 ## - PUBLICACIÓN, DISTRIBUCIÓN, ETC. | |
| Lugar de publicación, distribución, etc. | Langensalza : |
| Nombre del editor, distribuidor, etc. | druck und verlag von Hermann Beyer & Söhne, |
| Fecha de publicación, distribución, etc. | 1882. |
| 300 ## - DESCRIPCIÓN FÍSICA | |
| Extensión | X, 350 p. ; |
| Dimensiones | 21 cm. |
| 490 1# - MENCIÓN DE SERIE | |
| Mención de serie | Bibliothek pädagogischer klassiker : eine sammlung der bedeutendsten pädagogischen schriften / herausgegeben von Friedrich Mann ; |
| Designación de volumen o secuencia | 21 |
| 650 07 - PUNTO DE ACCESO ADICIONAL DE MATERIA--TÉRMINO DE MATERIA | |
| Término de materia o nombre geográfico como elemento de entrada | Pedagogía |
| Fuente del encabezamiento o término | embne |
| 9 (RLIN) | 15904 |
| 700 1# - ENTRADA AGREGADA--NOMBRE PERSONAL | |
| Nombre de persona | Göring, Hugo. |
| 9 (RLIN) | 127736 |
| 700 1# - ENTRADA AGREGADA--NOMBRE PERSONAL | |
| Nombre de persona | Meyer, Edmund. |
| 9 (RLIN) | 129888 |
| 700 1# - ENTRADA AGREGADA--NOMBRE PERSONAL | |
| Nombre de persona | Lavater, Johann Caspar ( |
| Fechas asociadas al nombre | 1741-1801) |
| 9 (RLIN) | 157904 |
| 700 1# - ENTRADA AGREGADA--NOMBRE PERSONAL | |
| Nombre de persona | Schlosser, Johann Georg. |
| 9 (RLIN) | 157910 |
| 830 0# - PUNTO DE ACCESO ADICIONAL DE SERIE-TÍTULO UNIFORME | |
| Título uniforme | Bibliothek pädagogischer klassiker : eine sammlung der bedeutendsten pädagogischen schriften / herausgegeben von Friedrich Mann ; |
| Designación de volumen o secuencia | 21 |
| 9 (RLIN) | 221635 |
| 852 ## - LOCALIZACIÓN | |
| Ubicación | ES-MaACL |
| Número de control de estantería | G-15176 |
| Nota libre | -- Enc. hol., conservando la cub. original |
| Estatus retirado | Estado de pérdida | Estado de daño | No para préstamo | Colección | Biblioteca de origen | Biblioteca actual | Ubicación en estantería | Fecha de adquisición | Fuente de adquisición | Total de préstamos | Signatura topográfica completa | Código de barras | Visto por última vez | Precio de reemplazo | Tipo de ítem Koha |
|---|---|---|---|---|---|---|---|---|---|---|---|---|---|---|---|
| Libros del s. XIX | Biblioteca del Ateneo de Madrid | Biblioteca del Ateneo de Madrid | Sala Pecera Planta 3 | 17/01/2008 | G-15176 | 1163312 | 23/02/2023 | 23/02/2023 | Libro impreso antiguo |
